Essentials of communication & education technology for BSc nurses : (Record no. 24708)
[ view plain ]
| 000 -LEADER | |
|---|---|
| fixed length control field | 01213nam a22003135a 4500 |
| 005 - DATE AND TIME OF LATEST TRANSACTION | |
| control field | 20171104125807.0 |
| 006 - FIXED-LENGTH DATA ELEMENTS--ADDITIONAL MATERIAL CHARACTERISTICS--GENERAL INFORMATION | |
| fixed length control field | m||||f ||z 00| 0 |
| 008 - FIXED-LENGTH DATA ELEMENTS--GENERAL INFORMATION | |
| fixed length control field | 170426s2017 ii a frb 001 0 eng d |
| 020 ## - INTERNATIONAL STANDARD BOOK NUMBER | |
| International Standard Book Number | 9788123927091 |
| 040 ## - CATALOGING SOURCE | |
| Original cataloging agency | EG-ScBUE |
| Language of cataloging | eng |
| Transcribing agency | EG-ScBUE |
| Modifying agency | EG-ScBUE |
| -- | EG-ScBUE |
| 082 04 - DEWEY DECIMAL CLASSIFICATION NUMBER | |
| Classification number | 610.730711 |
| Item number | GOP |
| Edition number | 22 |
| 100 1# - MAIN ENTRY--PERSONAL NAME | |
| Personal name | Gopichandran, L. |
| 245 10 - TITLE STATEMENT | |
| Title | Essentials of communication & education technology for BSc nurses : |
| Remainder of title | as per the syllabus of Indian Nursing Council for BSc / |
| Statement of responsibility, etc | L. Gopichandran, C. Kanniammal. |
| 246 3# - VARYING FORM OF TITLE | |
| Title proper/short title | Essentials of communication and education technology for BSc nurses |
| 250 ## - EDITION STATEMENT | |
| Edition statement | 1st ed. |
| 260 ## - PUBLICATION, DISTRIBUTION, ETC. (IMPRINT) | |
| Place of publication, distribution, etc | New Delhi : |
| Name of publisher, distributor, etc | CBS Publishers & Distributors Pvt Ltd., |
| Date of publication, distribution, etc | 2017. |
| 300 ## - PHYSICAL DESCRIPTION | |
| Extent | xxiv, 296 p. : |
| Other physical details | ill. ; |
| Dimensions | 24 cm. + |
| Accompanying material | 1 DVD-ROM (4 3/4 in.) |
| 490 0# - Series Statement | |
| Series statement | CBS nursing knowledge tree |
| 500 ## - GENERAL NOTE | |
| General note | Index : p. 289-296. |
| 504 ## - BIBLIOGRAPHY, ETC. NOTE | |
| Bibliography, etc | Includes bibliographical references. |
| 650 #7 - SUBJECT ADDED ENTRY--TOPICAL TERM | |
| Topical term or geographic name as entry element | Nursing |
| General subdivision | Study and teaching (Associate degree) |
| Source of heading or term | BUEsh |
| 650 #7 - SUBJECT ADDED ENTRY--TOPICAL TERM | |
| Topical term or geographic name as entry element | Educational technology. |
| Source of heading or term | BUEsh |
| 9 (RLIN) | 39777 |
| 650 #7 - SUBJECT ADDED ENTRY--TOPICAL TERM | |
| Topical term or geographic name as entry element | Communication in nursing. |
| Source of heading or term | BUEsh |
| 651 ## - SUBJECT ADDED ENTRY--GEOGRAPHIC NAME | |
| Source of heading or term | BUEsh |
| 653 ## - INDEX TERM--UNCONTROLLED | |
| Resource For college | Nursing |
| Arrived date list | April2017 |
| -- | November2017 |
| 655 ## - INDEX TERM--GENRE/FORM | |
| Form subdivision | Text book |
| -- | 33728 |
| 700 1# - ADDED ENTRY--PERSONAL NAME | |
| Personal name | Kanniammal, C. |
| 942 ## - ADDED ENTRY ELEMENTS (KOHA) | |
| Source of classification or shelving scheme | Dewey Decimal Classification |
| Withdrawn status | Item status | Source of classification or shelving scheme | Damaged status | Not for loan | Vendor | Home library | Current library | Shelving location | Date acquired | Source of acquisition | Cost, normal purchase price | Serial Enumeration / chronology | Total Checkouts | Total Renewals | Full call number | Barcode | Date last seen | Date last borrowed | Cost, replacement price | Koha item type |
|---|---|---|---|---|---|---|---|---|---|---|---|---|---|---|---|---|---|---|---|---|
| Dewey Decimal Classification | ايمك | Central Library | Central Library | First floor | 26/04/2017 | Purchase | 217.00 | 2673 | 1 | 12 | 610.730711 GOP | 000041701 | 15/07/2025 | 14/06/2017 | 271.25 | NB - Book (Non borrowing) | ||||
| Dewey Decimal Classification | ايمك | Central Library | Central Library | First floor | 26/04/2017 | Purchase | 217.00 | 2673 | 610.730711 GOP | 000041702 | 24/08/2022 | 271.25 | CD | DVD - With book (NB) | |||||||
| Dewey Decimal Classification | Baccah | Central Library | Central Library | First floor | 04/11/2017 | Purchase | 300.00 | 610.730711 GOP | 000042376 | 15/07/2025 | NB - Book (Non borrowing) | |||||||||
| Dewey Decimal Classification | Baccah | Central Library | Central Library | First floor | 04/11/2017 | Purchase | 610.730711 GOP | 000042377 | 24/08/2022 | CD | DVD - With book (NB) | ||||||||||
| Dewey Decimal Classification | Baccah | Central Library | Central Library | First floor | 04/11/2017 | Purchase | 610.730711 GOP | 000042378 | 15/07/2025 | Book - Borrowing | ||||||||||
| Dewey Decimal Classification | Baccah | Central Library | Central Library | First floor | 04/11/2017 | Purchase | 610.730711 GOP | 000042379 | 24/08/2022 | CD | DVD - With book | ||||||||||
| Dewey Decimal Classification | Baccah | Central Library | Central Library | First floor | 04/11/2017 | Purchase | 1 | 12 | 610.730711 GOP | 000042380 | 15/07/2025 | 12/02/2018 | Book - Borrowing | |||||||
| Dewey Decimal Classification | Baccah | Central Library | Central Library | First floor | 04/11/2017 | Purchase | 1 | 19 | 610.730711 GOP | 000042381 | 24/08/2022 | 12/02/2018 | CD | DVD - With book | |||||||
| Dewey Decimal Classification | Baccah | Central Library | Central Library | First floor | 04/11/2017 | Purchase | 610.730711 GOP | 000042382 | 15/07/2025 | Book - Borrowing | ||||||||||
| Dewey Decimal Classification | Baccah | Central Library | Central Library | First floor | 04/11/2017 | Purchase | 610.730711 GOP | 000042383 | 24/08/2022 | CD | DVD - With book |